| 000 | 00808nam a2200229Ia 4500 | ||
|---|---|---|---|
| 001 | 15959 | ||
| 003 | GE_BSU | ||
| 008 | 181216s||||||||xx |||||||||||||| ||und|| | ||
| 020 | _a5529001335 | ||
| 040 | _cGE_BSU | ||
| 080 | _a821.353.1-31 | ||
| 100 | _aჯაფარიძე, რ. (რევაზ) | ||
| 245 | _aრჩეული თხზულებანი : 4 ტომად. ტ.3. ჯარისკაცის ქვრივი | ||
| 245 | _bჯარისკაცის ქვრივი | ||
| 260 | _aთბილისი | ||
| 260 | _bსაბჭ. საქართველო | ||
| 260 | _c1988 | ||
| 300 | _a669 გვ.22 სმ. | ||
| 653 | _aრჩეული თხზულებანი | ||
| 653 | _aჯარისკაცის ქვრივი | ||
| 942 | _cBK | ||
| 999 |
_c49053 _d49053 |
||